000 01256cam a2200361 a 4500
003 CHAP
005 20220329142120.0
008 990806d1997 mx a r 00110 spa d
010 _a78654
011 _a79626
020 _a9688809632
035 _a89996
040 _cCHAP
082 0 4 _a517.5
_bH34Y 1996
100 0 0 _aHaeussler, Ernest F., Jr.
_952205
245 1 0 _aMatemáticas para administración, economía, ciencias sociales y de la vida
_c/por Ernest F. Haeussler y Richards S. Paul
260 _aMéxico, D.F. :
_bPrentice-Hall,
_c1997.
300 _a941 p. :
_bilus. ; gráfs. ; apénd.
500 _aTrad. de la 8 ed. en inglés de 1996.
590 _aBATCH-UPD
_b10
_c20130109
_lUCH01
_h2147
590 _aBATCH-UPD
_b10
_c20130110
_lUCH01
_h1019
590 _aBATCH-UPD
_b10
_c20130410
_lUCH01
_h0625
590 _aBATCH-UPD
_b10
_c20130914
_lUCH01
_h1234
590 _aCONVERSION
_b10
_c20130109
_lUCH01
_h1344
650 1 4 _aAnalisis matematico.
_95988
650 1 4 _aEconomía matemática.
_935276
650 1 4 _aMatemáticas.
_972901
700 0 _aPaul, Richards S.
_986264
901 _aBK
905 _aGuadalupe Pinto C.
942 _cLIBRO
949 _a517.5 H34Y 1996
_bBC
_cMUT
_d33724000003455
_eMUT
_gI.198887
_h96005
_i89996
_si
_t$280.00
999 _c78654
_d78654